Krehké invencie

Bibliographic Details
Main Author: Vrábelová, Zuzana, 1981- (Author)
Other Authors: Rusňáková, Veronika, 1983- (Photographer), Biksadská, Petronela (Photographer)
Format: Book
Language:Slovak
PhysicalDescription:84 s. fareb. fotogr. 16 cm
Published: Bratislava Perfekt 2013
ISBN:9788080466046
Edition:1. vyd.
Subjects:

MARC

LEADER 00000cam a2200000 a 4500
001 vtls010518540
003 SK-MaSNL
005 20260301174354.0
008 240315s2013 xo o g 000 p slo
015 |a SNBA2013/08 
020 |a 9788080466046  |q (viaz.) 
040 |a SNK  |b slo  |c SNK  |e AACR2 
041 0 |a slo 
044 |a xo  |c SK 
072 7 |a 821.162.4-1  |x Slovenská poézia  |2 konspekt 
080 |a 821.162.4-1  |2 2001 
100 1 |a Vrábelová, Zuzana,  |d 1981-  |4 aut  |9 546650 
245 1 0 |a Krehké invencie  |c [autorka umeleckého skla: Veronika Rusňáková ; autorka poézie: Zuzana Vrábelová ; fotografie: Petronela Biksadská, Veronika Rusňáková] 
250 |a 1. vyd. 
260 |a Bratislava  |b Perfekt  |c 2013 
300 |a 84 s.  |b fareb. fotogr.  |c 16 cm 
650 0 7 |a slovenská poézia  |2 SNKPH  |9 215422 
650 0 7 |a Slovak poetry  |2 SNKPHeng  |9 309303 
700 1 |a Rusňáková, Veronika,  |d 1983-  |4 art  |4 pht  |9 345630 
700 1 |a Biksadská, Petronela  |4 pht  |9 546651 
852 |a Štátna vedecká knižnica v Banskej Bystrici 
919 |a 978-80-8046-604-6 
958 |a LX 
999 |c 839470  |d 841400 
952 |a SNK  |b SNK  |y PREZ  |7 0  |p 17A1081201  |o snkSD 82363  |i snk2013/18749  |8 0  |0 0  |1 0  |4 0  |d 2013-08-12  |l 0  |r 2025-12-04 00:00:00  |w 2026-02-24 
952 |a SNK  |b SNK  |y VYP  |7 0  |p 17A1081199  |o snkSD 82363 D1  |i snk2013/18750  |8 0  |0 0  |1 0  |4 0  |d 2013-08-12  |l 0  |r 2017-06-30 00:00:00  |w 2026-02-24